| 000 | 00600nam a2200217 a 4500 | ||
|---|---|---|---|
| 005 | 20230209063843.0 | ||
| 008 | 030912s2002 mx r 000 0 spa d | ||
| 020 | _a8483164973 | ||
| 035 | _aUPN01000128815 | ||
| 049 | _aCG | ||
| 050 | 4 |
_aHF5734.5 _bA5.3 |
|
| 100 | 1 |
_aAnder-Egg, Ezequiel, _d1930- _928724 |
|
| 245 | 1 | 0 |
_aCómo hacer reuniones eficaces / _cEzequiel Ander-Egg. |
| 260 |
_aMadrid : _bCCS, _c2002. |
||
| 300 | _a115 p. | ||
| 440 | 0 |
_aEscuela de animación ; _v40 |
|
| 650 | 4 |
_aREUNIONES _916631 |
|
| 650 | 4 |
_aLiderazgo _95345 |
|
| 650 | 2 |
_aTrabajo en equipo _95093 |
|
| 905 | _aLibro | ||
| 999 |
_c100988 _d100988 |
||